A Stranger and afraid: (Record no. 51101)

MARC details
000 -LEADER
fixed length control field 01045nam a2200349 a 4500
001 - CONTROL NUMBER
control field vtls000046763
003 - CONTROL NUMBER IDENTIFIER
control field NLI
005 - DATE AND TIME OF LATEST TRANSACTION
control field 20210601185431.0
008 - FIXED-LENGTH DATA ELEMENTS--GENERAL INFORMATION
fixed length control field 101125s1983 enk 000 0 eng
020 ## - INTERNATIONAL STANDARD BOOK NUMBER
International Standard Book Number 0856354600
Terms of availability $ 8.95
039 #9 - LEVEL OF BIBLIOGRAPHIC CONTROL AND CODING DETAIL [OBSOLETE]
-- 201011250430
-- VLOAD
040 0# - CATALOGING SOURCE
Original cataloging agency NLI
Language of cataloging eng
Transcribing agency VERGIS-2003
041 0# - LANGUAGE CODE
Language code of text/sound track or separate title eng
044 ## - COUNTRY OF PUBLISHING/PRODUCING ENTITY CODE
MARC country code enk
082 04 - DEWEY DECIMAL CLASSIFICATION NUMBER
Classification number 821.91
100 1# - MAIN ENTRY--PERSONAL NAME
Personal name Fraser, G.S.
9 (RLIN) 111047
245 12 - TITLE STATEMENT
Title A Stranger and afraid:
Remainder of title the autobiography of an intellectual/
Statement of responsibility, etc. G.S. Fraser
260 ## - PUBLICATION, DISTRIBUTION, ETC.
Place of publication, distribution, etc. Manchester:
Name of publisher, distributor, etc. Carcanet New Press,
Date of publication, distribution, etc. 1983
300 ## - PHYSICAL DESCRIPTION
Extent 196 p.;
Dimensions 22 cm.
600 10 - SUBJECT ADDED ENTRY--PERSONAL NAME
Personal name Fraser, G.S.
General subdivision Biography
9 (RLIN) 124841
650 #0 - SUBJECT ADDED ENTRY--TOPICAL TERM
Topical term or geographic name entry element Poets, English
Chronological subdivision 20th century
General subdivision Biography
9 (RLIN) 116430
887 ## - NON-MARC INFORMATION FIELD
Content of non-MARC field P. Prabahar
901 ## - LOCAL DATA ELEMENT A, LDA (RLIN)
a 489293
b 04/04/1986
902 ## - LOCAL DATA ELEMENT B, LDB (RLIN)
a E 821.91 F 862 a
903 ## - LOCAL DATA ELEMENT C, LDC (RLIN)
a 29/05/2004
904 ## - LOCAL DATA ELEMENT D, LDD (RLIN)
a P. Prabahar
906 ## - LOCAL DATA ELEMENT F, LDF (RLIN)
a 048738
949 ## - LOCAL PROCESSING INFORMATION (OCLC)
-- VIRTUAITEM
-- 10000
-- 1
-- 100
6 PUR000489293ENG
a E 821.91 F862a
942 ## - ADDED ENTRY ELEMENTS (KOHA)
Source of classification or shelving scheme Dewey Decimal Classification
Koha item type Books
Holdings
Withdrawn status Lost status Damaged status Not for loan Collection code Home library Current library Shelving location Date acquired Total Checkouts Full call number Barcode Date last seen Price effective from Koha item type
        New English National Library of India National Library of India New English - Main Stack Division     E 821.91 F 862 a PUR000489293ENG 01/06/2021 01/06/2021 Books
                                                                           
web counter

Copyright ©2020 The National Library of India, Govt. of India ↔ Hosted by NVLI, MOC ↔ Technology and Design by National Library of India, Ministry of Culture, Govt. of India